Super Mario Odyssey - Cascade Kingdom Moons on a Map - Statistics

General Stats
  • This quiz has been taken 229 times
  • The average score is 8 of 34
Answers on the Map
Answers color-coded by a green-red scale on the quiz's map according to % correct below.
 
Answer Stats
Answer % Correct
Our First Power Moon
66%
Multi Moon Atop the Falls
53%
Across the Floating Isles
45%
Good Morning, Captain Toad!
45%
Cascade Kingdom
Timer Challenge 1
38%
Shopping in Fossil Falls
36%
Under the Old Electrical Pole
35%
Cascade Kingdom
Timer Challenge 2
33%
Dinosaur Nest: Big Cleanup! | Running Wild!
31%
Cascade Kingdom Regular Cup | Master Cup
28%
On Top of the Rubble
27%
Secret Path to Fossil Falls
27%
A Tourist in the Cascade Kingdom
24%
Above a High Cliff
22%
Nice Shot with the Chain Chomp! |
Very Nice Shot with the Chain Chomp!
22%
Behind the Waterfall
21%
Treasure of the Waterfall Basin
21%
Caveman Cave-Fan
20%
Chomp Through the Rocks
19%
Rolling Rock by the Falls
19%
Caught Hopping at the Waterfall!
18%
Just a Hat, Skip, and a Jump
18%
Across the Gusty Bridges |
Flying Far Away from Gusty Bridges
16%
Past the Chasm Lifts |
Hidden Chasm Passage
16%
Peach in the Cascade Kingdom
16%
Next to the Stone Arch
15%
Across the Mysterious Clouds |
Atop a Wall Among the Clouds
12%
Sphynx Travelling to the Waterfall
12%
Taking Notes: Hurry Upward
12%
Under the Ground
11%
Bottom of the Waterfall Basin
10%
Inside the Busted Fossil
10%
Guarded by a Colossal Fossil
6%
Treasure Under the Cliff
6%
No matching quizzes found
Score Distribution
Percent of People with Each Score
Percentile by Number Answered
Your Score History
You have not taken this quiz